Tilastot visalle Amerikan valtioiden muodot

Klikkaa tästä pelataksesi tätä visaa!

Yleistilastot

  • Tätä visaa on pelattu 430 kertaa
  • Keskiarvotulos 20 / 35

Vastaustilastot

Vastaus% Oikein
Yhdysvallat
100%
Kanada
99%
Chile
97%
Brasilia
95%
Meksiko
94%
Argentiina
91%
Kuuba
88%
Panama
75%
Peru
75%
Kolumbia
71%
Bolivia
64%
Ecuador
60%
Haiti
59%
Bahama
55%
Venezuela
55%
Dominikaaninen tasavalta
52%
Guyana
51%
Jamaika
49%
Trinidad ja Tobago
49%
Nicaragua
47%
Belize
45%
Costa Rica
45%
Paraguay
45%
Saint Kitts ja Nevis
41%
Saint Vincent ja Grenadiinit
41%
Antigua ja Barbuda
40%
Guatemala
40%
El Salvador
39%
Uruguay
39%
Grenada
36%
Barbados
34%
Saint Lucia
34%
Honduras
33%
Suriname
33%
Dominica
32%

Tulosjakauma

Persentiili vastausten määrän mukaan

Jokaisen tuloksen saaneiden osuus

Tuloshistoriasi

Et ole pelannut tätä visaa